MMG 433 microbial genomics

Content introduction to the concepts and experimental approaches in genomics.

Saved in:
Bibliographic Details
Main Author: Britton, Rob
Format: Book
Language:Undetermined
Published: [USA] [Michigan States University] 2007
Subjects:
Tags: Add Tag
No Tags, Be the first to tag this record!
Institutions: Trung tâm Học liệu Trường Đại học Cần Thơ
LEADER 00599nam a2200193Ia 4500
001 CTU_192584
008 210402s9999 xx 000 0 und d
082 |a 576.5 
082 |b B862 
100 |a Britton, Rob 
245 0 |a MMG 433 microbial genomics 
245 0 |c Rob Britton, Tom Schmidt, Pat Venta 
260 |a [USA] 
260 |b [Michigan States University] 
260 |c 2007 
520 |a Content introduction to the concepts and experimental approaches in genomics. 
650 |a Genetics,Di truyền 
904 |i Tuyến 
980 |a Trung tâm Học liệu Trường Đại học Cần Thơ